Algebra : (Record no. 1438)

MARC details
000 -LEADER
fixed length control field 00388nam a2200145 4500
001 - CONTROL NUMBER
control field 1876
005 - DATE AND TIME OF LATEST TRANSACTION
control field 20181127164135.0
090 00 - LOCALLY ASSIGNED LC-TYPE CALL NUMBER (OCLC); LOCAL CALL NUMBER (RLIN)
Classification number (OCLC) (R) ; Classification number, CALL (RLIN) (NR) 512 R7951a 1965
100 00 - MAIN ENTRY--PERSONAL NAME
Personal name Rose, Israel H.
245 00 - TITLE STATEMENT
Title Algebra :
Remainder of title An introduction to finite mathematics /
Statement of responsibility, etc. Israel H. Rose.
Medium
260 00 - PUBLICATION, DISTRIBUTION, ETC.
Place of publication, distribution, etc. London :
Name of publisher, distributor, etc. John Wiley & Inc.,
Date of publication, distribution, etc. 1965.
300 00 - PHYSICAL DESCRIPTION
Extent xvi, 489 p.
500 00 - GENERAL NOTE
General note Includes index.
650 00 - SUBJECT ADDED ENTRY--TOPICAL TERM
Topical term or geographic name entry element Algebra.
General subdivision
Holdings
Withdrawn status Lost status Source of classification or shelving scheme Damaged status Not for loan Collection code Home library Current library Shelving location Serial Enumeration / chronology Inventory number Total Checkouts Full call number Barcode Date last seen Price effective from Koha item type
    Dewey Decimal Classification     Main TEST RTC Library RTC Library Main opac 1018   512 ROS 30002888 27/11/2018 27/11/2018 Main
Royal Thimphu College || All Right Reserved